000 00845pam a2200169 a 4500
999 _c4650
_d4650
020 _a0132918242
050 0 0 _aHV6025
_b.S346
100 1 _aSchmalleger, Frank.
245 1 0 _aCriminology today /
_cFrank Schmalleger.
260 _aEnglewood Cliffs, N.J. :
_bPrentice Hall,
_cc1996.
300 _axx, 537 p :
_bill. (some col.) ;
_c26 cm.
500 _aIncludes index.
505 _aThe crime picture -- What is criminology? -- Crime causation -- Biological roots of behavior -- Psychological and psychiatric foundations of criminal behavior -- Crime in the modern world -- Political realities and crime -- White-collar and organized crime -- Drug abuse and crime -- Responding to criminal behavior -- Criminology and social policy -- Future directions in criminology.
650 0 _aCriminology.
650 0 _aCriminology
942 _cBK